Persepsi guru tentang peraturan pendidikan di sebuah sekolah menengah di daerah Gopeng, Perak /
محفوظ في:
| المؤلف الرئيسي: | |
|---|---|
| التنسيق: | أطروحة كتاب |
| اللغة: | Malay |
| منشور في: |
2006.
|
| الموضوعات: | |
| الوسوم: |
إضافة وسم
لا توجد وسوم, كن أول من يضع وسما على هذه التسجيلة!
|
| LEADER | 00966cam a2200253 a 4500 | ||
|---|---|---|---|
| 001 | u726211 | ||
| 003 | SIRSI | ||
| 005 | 200608161314 | ||
| 008 | 060816s2006 my a t 000 0 may m | ||
| 040 | |a UMK | ||
| 043 | |a a-my-pe | ||
| 098 | |a LB2831.9 |b UM 2006 Lee | ||
| 100 | 1 | 0 | |a Lee, Tuck Keen |
| 245 | 1 | 0 | |a Persepsi guru tentang peraturan pendidikan di sebuah sekolah menengah di daerah Gopeng, Perak / |c Lee Tuck Keen. |
| 260 | |c 2006. | ||
| 300 | |a xi,104 [3] leaves : |b ill. ; |c 30 cm. | ||
| 502 | |a Dissertation (M.Princ.) -- Institut Pengajian Kepengetuaan, Universiti Malaya, 2006. | ||
| 504 | |a Bibliography: leaves 87-93. | ||
| 650 | 0 | |a Educational law and legislation |z Perak. | |
| 650 | 0 | |a School discipline |z Perak. | |
| 650 | 0 | |a Teachers |x Attitudes. | |
| 710 | 2 | 0 | |a Universiti Malaya. |b Institut Pengajian Kepengetuaan. |
| 596 | |a 19 | ||
| 999 | |a LB2831.9 UM 2006 LEE |w LC |c 1 |i A511795043 |d 12/6/2008 |e 12/6/2008 |f 17/8/2006 |g 1 |l STACKS |m P19KOTA |n 4 |r Y |s Y |t TESIS |u 16/8/2006 | ||
